Statistics for E38(道東道など)のIC

Click here to take the quiz!

General Stats

  • This quiz has been taken 20 times
  • The average score is 21 of 27

Answer Stats

道東道% Correct
JCT帯広
100%
IC芽室
100%
IC白糠
100%
IC浦幌
100%
IC夕張
100%
IC池田
100%
IC占冠
100%
PA占冠
100%
ICトマム
100%
IC十勝清水
100%
IC釧路西
88%
JCT千歳恵庭
88%
IC本別
75%
JCT本別
75%
IC追分町
75%
PAキウス
75%
SA十勝平原
63%
IC千歳東
63%
PA長流枝
63%
ICむかわ穂別
63%
PA由仁
63%
IC釧路中央
63%
IC釧路東
63%
IC音更帯広
50%
IC庶路
50%
IC阿寒
50%
PA上浦幌
25%

Score Distribution

Percentile by Number Answered

Percent of People with Each Score

Your Score History

You have not taken this quiz